| 000 | 00626nam a22002057a 4500 | ||
|---|---|---|---|
| 008 | 131002b xxu||||| |||| 00| 0 eng d | ||
| 020 | _a3540097236 | ||
| 020 | _a0387097236 | ||
| 041 | 0 | _aeng | |
| 080 | _a001.6 | ||
| 100 | _aBochman, Gregor v. | ||
| 245 | 1 | 0 |
_aArchitecture of distributed computer systems / _cBochman, Gregor v. |
| 260 |
_aNew York : _bSpringer-Verlag ; _c1979 |
||
| 300 |
_a238 f. : _bme il. ; _c24 cm. |
||
| 490 |
_aLecture notes in computer science ; _v77 |
||
| 500 | _aPreface : f. [III] - VI | ||
| 650 | 0 | _aPërpunimi elektronik i të dhënave | |
| 650 | 0 | _aArkitektura e kompjuterit | |
| 942 |
_2udc _cBK |
||
| 999 |
_c17 _d17 |
||